[Event "AUTO-ELITE-2560"]
[Site "http://www.queenalice.com/game.php?id=1847085"]
[Date "2024.11.12"]
[Round "1"]
[White "Marini"]
[Black "Donidon"]
[Result "1-0"]
[WhiteElo "2379"]
[BlackElo "2179"]

1. e4 e6 2. c4 d5 3. exd5 exd5 4. cxd5 Qxd5 5. Nc3 Qa5 6. d4 c6 7. Bc4 Nf6 8.
Qb3 Bb4 9. Bxf7+ Kf8 10. Nf3 Bd6 11. O-O Na6 12. Re1 Qb6 13. Ne5 Qxb3 14. Bxb3
c5 15. Bf4 Bxe5 16. Rxe5 cxd4 17. Rae1 Nc7 18. Nb5 Nxb5 19. Rxb5 Ne8 20. Bd2 Bd7
21. Bb4+ Nd6 22. Bxd6# 1-0

[Event "AUTO-ELITE-2560"]
[Site "http://www.queenalice.com/game.php?id=1847086"]
[Date "2024.11.12"]
[Round "1"]
[White "Donidon"]
[Black "Marini"]
[Result "0-1"]
[WhiteElo "2166"]
[BlackElo "2385"]

1. e4 Nc6 2. d4 Nf6 3. Nc3 e5 4. d5 Nd4 5. f4 d6 6. Nf3 Bg4 7. Be2 Nxe2 8. Qxe2
Nd7 9. O-O Be7 10. h3 Bxf3 11. Qxf3 O-O 12. f5 Bg5 13. Bxg5 Qxg5 14. a4 Rab8 15.
Nb5 a6 16. Nc3 Qd2 17. Rf2 Qd4 18. Rd1 Qb6 19. g4 Qxb2 20. Rb1 Qa3 21. Rb3 Qc1+
0-1

[Event "AUTO-ELITE-2560"]
[Site "http://www.queenalice.com/game.php?id=1853913"]
[Date "2025.3.14"]
[Round "2"]
[White "Sexxy_Bunny"]
[Black "Marini"]
[Result "1-0"]
[WhiteElo "2680"]
[BlackElo "2402"]

1. e4 Nc6 2. Nf3 Nf6 3. Nc3 d5 4. exd5 Nxd5 5. d4 Bf5 6. a3 e5 7. Nb1 Qe7 8.
dxe5 Nxe5 9. Bb5+ Nc6+ 10. Qe2 Qxe2+ 11. Kxe2 O-O-O 12. Be3 Bxc2 13. Rc1 Bg6 14.
Bxc6 bxc6 15. Nc3 Nxe3 16. fxe3 Kb7 17. h3 Bd3+ 18. Kf2 1-0

[Event "AUTO-ELITE-2560"]
[Site "http://www.queenalice.com/game.php?id=1853914"]
[Date "2025.3.14"]
[Round "2"]
[White "Marini"]
[Black "Sexxy_Bunny"]
[Result "0-1"]
[WhiteElo "2400"]
[BlackElo "2682"]

1. e4 c5 2. Nf3 d6 3. c3 Nf6 4. Bc4 Nc6 5. Qe2 Bg4 6. h3 Bxf3 7. Qxf3 g6 8. d3
Bg7 9. O-O O-O 10. Bb3 b5 11. Be3 Nd7 12. Nd2 b4 13. Rac1 a5 14. Ba4 Rb8 15. Qd1
Na7 16. Nc4 Nc8 17. cxb4 axb4 0-1

[Event "AUTO-ELITE-2589"]
[Site "http://www.queenalice.com/game.php?id=1859735"]
[Date "2025.7.10"]
[Round "1"]
[White "Ahlkhanvio"]
[Black "Marini"]
[Result "1-0"]
[WhiteElo "2562"]
[BlackElo "2387"]

1. d4 Nc6 2. Nf3 d6 3. c4 Bg4 4. d5 Bxf3 5. exf3 Ne5 6. f4 Nd7 7. Nc3 g6 8. Be3
Bg7 9. Bd4 Ngf6 10. Be2 O-O 11. O-O c5 12. Be3 Ne8 13. Qc2 a6 14. a4 Bd4 15. Qd2
Bxe3 16. fxe3 Nef6 17. e4 Qc7 18. Rae1 Rac8 19. Bf3 Rcd8 20. g4 Ne8 21. h4 f6
22. g5 Ng7 23. Bg4 Qa5 24. Qd3 Qb4 25. b3 Qb6 26. Ne2 Qc7 27. Nc3 Qb6 28. Rf2
Kh8 29. Ref1 Qc7 30. Qh3 Rg8 31. Be6 Rgf8 32. Ne2 1-0

[Event "AUTO-ELITE-2589"]
[Site "http://www.queenalice.com/game.php?id=1859736"]
[Date "2025.7.10"]
[Round "1"]
[White "Marini"]
[Black "Ahlkhanvio"]
[Result "0-1"]
[WhiteElo "2380"]
[BlackElo "2566"]

1. e4 e6 2. c4 d5 3. exd5 exd5 4. cxd5 Nf6 5. Qa4+ Nbd7 6. Nc3 Be7 7. Nf3 O-O 8.
Be2 Nb6 9. Qc2 Nbxd5 10. d4 h6 11. O-O Be6 12. Nxd5 Bxd5 13. Ne5 Bd6 14. Be3 Re8
15. f4 c6 16. Bd3 Qc7 17. Rae1 Rad8 18. Re2 Nd7 19. g3 Nf6 20. a3 Be6 21. Bf2
Qc8 22. Rc1 Bd5 23. Bf5 Be6 24. Bd3 Bd5 25. Bf5 Be6 26. Be4 Nxe4 27. Rxe4 Bf5
28. Rce1 Bxe4 29. Rxe4 Qf5 30. Re2 Qxc2 31. Rxc2 Bc7 32. Nc4 Bb6 33. Nxb6 axb6
0-1

[Event "AUTO-ELITE-2589"]
[Site "http://www.queenalice.com/game.php?id=1859739"]
[Date "2025.7.10"]
[Round "1"]
[White "Sexxy_Bunny"]
[Black "Marini"]
[Result "1-0"]
[WhiteElo "2668"]
[BlackElo "2391"]

1. e4 Nc6 2. Nf3 Nf6 3. Nc3 d5 4. exd5 Nxd5 5. d4 Bf5 6. a3 e5 7. Bc4 Nxc3 8.
bxc3 Bd6 9. Bg5 Qc8 10. O-O O-O 11. Re1 Re8 12. dxe5 Nxe5 13. Nxe5 Bxe5 14. Qf3
c6 15. Rad1 Bg6 16. h4 Qf5 17. Qxf5 Bxf5 18. Re3 Be6 19. Rxe5 Bxc4 20. Rxe8+
Rxe8 21. Be3 h5 22. Rd7 Ba6 23. Bxa7 Re4 24. Rd4 Re1+ 25. Kh2 Re2 26. Rd8+ Kh7
27. Rd7 Kg6 28. Bd4 Rxc2 29. Rd6+ f6 30. Rd7 Rb2 31. Rc7 Ra2 32. Bc5 Rc2 33. Bd4
Rb2 34. Bc5 b6 35. Bf8 Rxf2 36. Kg3 Re2 37. Kf4 f5 38. Rxc6+ Kf7 39. Bd6 Rxg2
40. Kxf5 Bd3+ 41. Ke5 Rg4 42. Rc7+ Kg6 43. Be7 b5 44. Ke6 Re4+ 45. Kd6 Rf4 46.
Ke5 Rf5+ 47. Kd4 Rf3 48. Bg5 Rg3 49. Rc6+ Kf7 50. Rc7+ Kg6 51. Re7 Bf1 52. Re6+
Kf5 53. Re5+ Kg4 54. Re7 Rd3+ 55. Kc5 Rxc3+ 56. Kb4 Rc6 57. Rxg7 Ra6 58. Kb3
Bc4+ 59. Kb2 Rc6 60. Kc3 Be2+ 61. Kd2 Bf3 62. Ke3 Bh1 63. Kd3 Rc4 64. Be7+ Kf4
65. Kd2 Kf5 66. Rg3 Re4 67. Bd8 1-0

[Event "AUTO-ELITE-2589"]
[Site "http://www.queenalice.com/game.php?id=1859740"]
[Date "2025.7.10"]
[Round "1"]
[White "Marini"]
[Black "Sexxy_Bunny"]
[Result "0-1"]
[WhiteElo "2395"]
[BlackElo "2661"]

1. e4 c5 2. Nf3 d6 3. c3 Nf6 4. Bc4 Nc6 5. Qe2 Bg4 6. h3 Bxf3 7. Qxf3 g6 8. Bb3
a6 9. d3 Bg7 10. O-O O-O 11. Bg5 Na5 12. Nd2 Nxb3 13. axb3 b5 14. Qe3 Nh5 15.
Qe2 Re8 16. Nf3 Qb6 17. Rfe1 a5 18. Be3 Qc6 19. Qd2 a4 20. bxa4 Rxa4 21. Rxa4
bxa4 22. Qc2 Ra8 23. Ra1 h6 24. Qe2 Nf6 25. Nd2 Nd7 26. Nc4 e6 27. Qc2 Kh7 28.
Bf4 d5 29. Nd2 Qb5 30. Bg3 Ra6 31. exd5 exd5 32. Nf3 Kg8 33. Qe2 Nf8 34. Qc2 Ne6
35. Ne5 Ra8 36. Ra3 g5 37. Nf3 Ra7 38. Be5 Bxe5 39. Nxe5 d4 40. g3 dxc3 41. bxc3
h5 42. Nc4 h4 43. Qb2 Qe8 44. Qe2 hxg3 45. fxg3 Qd7 46. Kh2 Ra6 47. Nb2 Nf8 48.
Qg4 Qb5 49. Nc4 Qb1 50. Qxg5+ Ng6 51. Qd2 Re6 52. Rxa4 Re1 53. Qg2 Qxd3 54. Nb2
Qb5 55. c4 Qb3 56. Ra8+ Kh7 57. Qf2 Ne5 58. Qf5+ Kg7 59. Qg5+ Ng6 60. Qd2 Ne5
61. Qg5+ Ng6 62. Qd2 Ne5 63. Qg5+ Ng6 64. Qd2 Re3 0-1

[Event "AUTO-ELITE-2609"]
[Site "http://www.queenalice.com/game.php?id=1868858"]
[Date "2026.2.3"]
[Round "1"]
[White "Marini"]
[Black "JailtonMaster"]
[Result "1-0"]
[WhiteElo "2280"]
[BlackElo "2204"]

1. e4 e5 2. Nf3 Nc6 3. Bb5 a6 4. Ba4 Nf6 5. d4 exd4 6. e5 Qe7 7. O-O Nd5 8. c4
Nb6 9. Bb3 Na5 10. Nbd2 Nxb3 11. axb3 c5 12. Ne4 Qe6 13. Nfg5 Qxe5 14. Re1 Be7
15. f4 Qc7 16. Qh5 g6 17. Nf6+ 1-0

[Event "AUTO-ELITE-2609"]
[Site "http://www.queenalice.com/game.php?id=1868859"]
[Date "2026.2.3"]
[Round "1"]
[White "JailtonMaster"]
[Black "Marini"]
[Result "0-1"]
[WhiteElo "2156"]
[BlackElo "2290"]

1. d4 Nc6 2. c4 e5 3. d5 Nd4 4. e3 Nf5 5. Nc3 d6 6. Nf3 Ngh6 7. Bd3 Nh4 8. Nxh4
Qxh4 9. O-O Ng4 10. h3 h5 11. f4 Qg3 12. hxg4 hxg4 13. Ne2 Qh4 14. Qe1 Qh2+ 15.
Kf2 Be7 16. Ng3 Qxg3+ 17. Kg1 Qh2+ 18. Kf2 g3+ 19. Ke2 Qxg2+ 20. Kd1 Bg4+ 21.
Be2 Rh2 22. Rg1 Bxe2+ 23. Kd2 Qe4 24. Qxe2 exf4 0-1

[Event "AUTO-ELITE-2619"]
[Site "http://www.queenalice.com/game.php?id=1872177"]
[Date "2026.4.18"]
[Round "1"]
[White "Marini"]
[Black "Sexxy_Bunny"]
[Result "0-1"]
[WhiteElo "2369"]
[BlackElo "2663"]

1. e4 e6 2. c4 d5 3. exd5 Nf6 4. dxe6 Bxe6 5. Nf3 Qe7 6. Qe2 Nc6 7. d4 Bf5 8. a3
O-O-O 9. Qxe7 Bxe7 10. Be2 Nxd4 11. Nxd4 Rxd4 12. Nc3 Rd7 13. Bf4 Bc5 14. O-O
Re8 15. Rae1 Re6 16. b4 Bd4 17. Nb5 Be5 18. Bxe5 Rxe5 19. Nxa7+ Kb8 20. Nb5 c6
21. Nc3 Rde7 22. a4 h5 23. b5 Ka7 24. f4 Re3 25. Rf3 Bg4 26. Rxe3 Rxe3 27. h3
Bxe2 28. Nxe2 c5 29. Kf2 Ra3 30. a5 Ne4+ 31. Kg1 Rxa5 32. Nd4 Nd2 33. Nf5 Nxc4
34. Nxg7 h4 35. Nf5 Rxb5 36. Nxh4 Nd2 37. Kf2 c4 38. Nf3 Nxf3 39. Kxf3 Rd5 40.
Ke4 Rd8 41. Ra1+ Kb6 42. h4 Kc5 43. Ra7 Re8+ 44. Kf3 Kc6 45. Ra2 b5 46. Rc2 Kc5
47. Re2 Rb8 48. Ke3 Rd8 49. Ra2 c3 50. Ra7 Kb6 51. Ra1 b4 52. Rc1 Kb5 53. h5 Kc4
54. h6 b3 55. h7 b2 56. Rh1 c2 57. h8=Q Rxh8 58. Rxh8 c1=Q+ 0-1